[Event "It (open) (b)"]
[Site "masterchessopen.com – Zagreb (Croatia)"]
[Date "2009.03.24"]
[Round "4"]
[White "Bozicevic Ivan (CRO)"]
[Black "Mihalinec Damir (CRO)"]
[Result "0-1"]
[WhiteElo "2081"]
[BlackElo "2227"]

1.d4 Nf6 2.c4 g6 3.Nc3 d5 4.Nf3 Bg7 5.Qb3 dxc4 6.Qxc4 O-O 7.e4 Na6 8.e5 Be6
9.Qb5 Nd5 10.Qxb7 Nab4 11.Nxd5 Nc2+ 12.Kd1 Bxd5 13.Qxa8 Qxa8 {#R} 0-1

[Event "It (open)"]
[Site "masterchessopen.com – Ghent (Belgium)"]
[Date "2009.07.22"]
[Round "9"]
[White "Akesson Ralf (SWE)"]
[Black "Van Der Stricht Geert (BEL)"]
[Result "1-0"]
[WhiteElo "2469"]
[BlackElo "2390"]

1.d4 Nf6 2.c4 g6 3.Nc3 d5 4.Nf3 Bg7 5.Qb3 dxc4 6.Qxc4 O-O 7.e4 Na6 8.Be2 c5
9.d5 e6 10.O-O exd5 11.exd5 Bf5 12.Rd1 Qb6 13.Qh4 Bc2 14.Rd2 Bf5 15.Rd1 Bc2
16.Re1 Nb4 17.Bg5 Rfe8 18.Bc4 Nd3 19.Bxd3 Bxd3 20.Na4 Qd6 21.Nxc5 Qxc5 22.Bxf6
Qxd5 23.Ne5 Bf5 24.g4 Bc2 25.Re2 Ba4 26.f3 Re6 27.Bxg7 Kxg7 28.Qe1 Rae8 29.Qc3
Rxe5 30.Rae1 f6 {#r} 1-0

[Event "Ch Centroamericano & Caribbean (under 20)"]
[Site "masterchessopen.com – Medellin (Colombia)"]
[Round "3"]
[White "Torres Jose Daniel (VEN)"]
[Black "Diaz Ordonez Ciro (ECU)"]
[Result "0-1"]
[WhiteElo "2171"]
[BlackElo "2373"]

1.d4 Nf6 2.c4 g6 3.Nc3 d5 4.Nf3 Bg7 5.Qb3 dxc4 6.Qxc4 O-O 7.e4 Na6 8.Be2 c5
9.d5 e6 10.O-O exd5 11.exd5 Bf5 12.Be3 Re8 13.Rfd1 Ne4 14.Qb3 Nd6 15.Bxa6 bxa6
16.Bxc5 Rb8 17.Qa4 Rxb2 18.Nd4 Ne4 19.Nxe4 Rxe4 20.Qa3 Bxd4 21.Bxd4 Rbe2
22.Qb3 Qh4 23.Bxa7 Rg4 24.Qb8+ Kg7 25.Bc5 Kh6 26.Rac1 Rxa2 27.Qb3 Be4 {#R} 0-1

[Event "Ch Centroamericano & Caribbean (under 20)"]
[Site "masterchessopen.com – Medellin (Colombia)"]
[Date "2009.08.04"]
[Round "9"]
[White "Torres Jose Daniel (VEN)"]
[Black "Duran Fernandez Emilio (ESP)"]
[Result "1-0"]
[WhiteElo "2171"]
[BlackElo "1798"]

1.d4 Nf6 2.c4 g6 3.Nc3 d5 4.Nf3 Bg7 5.Qb3 dxc4 6.Qxc4 O-O 7.e4 Na6 8.Be2 c5
9.d5 e6 10.O-O exd5 11.exd5 Bf5 12.Be3 Re8 13.Rad1 Ne4 14.Nxe4 Rxe4 15.Qc1 Qb6
16.b3 Qa5 17.a3 Rd8 18.Bd3 Rg4 19.Bxf5 gxf5 20.h3 Re4 21.Bh6 Bf6 22.Nd2 Re2
23.Nc4 Qc7 24.d6 Qd7 25.Qf4 Re4 26.Qf3 Bg7 27.Bxg7 Kxg7 28.Ne3 Kg6 29.Rd5 Qe6
30.Qg3+ {#r} 1-0

[Event "Tournament (open)"]
[Site "masterchessopen.com – Francisco Beltrao (Brazil)"]
[Date "2009.10.29"]
[Round "4"]
[White "Moraes Matheus"]
[Black "Borges Vitor"]
[Result "0-1"]
[WhiteElo "1790"]
[BlackElo "1955"]

1.d4 Nf6 2.c4 g6 3.Nc3 d5 4.Qd3 dxc4 5.Qxc4 Bg7 6.Nf3 O-O 7.e4 Na6 8.Be3 Ng4
9.Rd1 Nxe3 10.fxe3 c5 11.Be2 Bg4 12.O-O Rc8 13.Ne5 cxd4 14.Nxf7 Rxc4 15.Nxd8
Bxe2 16.Rxf8+ Bxf8 17.Nxe2 dxe3 18.e5 Rc2 19.Nd4 Rd2 20.Re1 Rxd4 21.Ne6 Re4
22.Rf1 Bg7 23.g3 e2 24.Re1 Bxe5 25.Kf2 Bxg3+ 26.hxg3 Rxe6 27.Rxe2 Rxe2+
28.Kxe2 Kf7 {#R} 0-1

[Event "It (cat.7)"]
[Site "masterchessopen.com – Kharkov (Ukraine)"]
[Round "8"]
[White "Simantsev Mikhail (UKR)"]
[Black "Shornikov Ivan (RUS)"]
[Result "1-0"]
[WhiteElo "2541"]
[BlackElo "2324"]

1.d4 Nf6 2.c4 g6 3.Nc3 d5 4.Nf3 Bg7 5.Qb3 dxc4 6.Qxc4 O-O 7.e4 Na6 8.Be2 c5
9.d5 e6 10.O-O exd5 11.exd5 Re8 12.Rd1 Bf5 13.d6 Ne4 14.Be3 Nxc3 15.bxc3 Be6
16.Qa4 Bxc3 17.Rab1 Nb4 18.Bxc5 Nd5 19.Rxb7 Qa5 20.Qxa5 Bxa5 21.Bb5 Nc3
22.Bxe8 Nxd1 23.Bc6 Rc8 24.Nd4 {#r} 1-0

[Event "Ch Region"]
[Site "masterchessopen.com – Saratov (Russia)"]
[Date "2010.06.09"]
[Round "9"]
[White "Popov Roman (RUS)"]
[Black "Petukhov Dmitry (RUS)"]
[Result "1-0"]
[WhiteElo "2356"]
[BlackElo "2309"]

1.d4 Nf6 2.c4 g6 3.Nc3 d5 4.Nf3 Bg7 5.Qb3 dxc4 6.Qxc4 O-O 7.e4 Na6 8.Be2 c5
9.d5 e6 10.O-O exd5 11.exd5 Bf5 12.Rd1 Re8 13.d6 Ne4 14.d7 Re7 15.Nxe4 Rxe4
16.Bg5 Qxd7 17.Rxd7 Rxc4 18.Rxb7 Ra4 19.Rd1 h6 20.Be3 Rxa2 21.Bc4 Ra5 22.Rxf7
Kh8 23.h3 Nb4 24.g4 Be4 25.Rdd7 Ra1+ 26.Kh2 Bc6 27.Bxh6 {#r} 1-0

[Event "Ch Colombia (1/2 final)"]
[Site "masterchessopen.com – Medellin (Colombia)"]
[Date "2010.06.12"]
[Round "10"]
[White "Rios Cristian Camilo (COL)"]
[Black "Mucoz Jhon Edison (COL)"]
[Result "1-0"]
[WhiteElo "2380"]
[BlackElo "2241"]

1.d4 Nf6 2.c4 g6 3.Nc3 d5 4.Nf3 Bg7 5.Qb3 dxc4 6.Qxc4 O-O 7.e4 Na6 8.Be2 c5
9.d5 e6 10.O-O exd5 11.exd5 Bf5 12.Be3 Re8 13.Rfd1 Rc8 14.a3 Nd7 15.d6 Rc6
16.Qf4 Rb6 17.Nd5 Re4 18.Ne7+ Kh8 19.Ng5 Rxe7 20.Qh4 Nf6 21.dxe7 Qxe7 22.Rd8+
Bf8 23.Nxh7 {#r} 1-0

[Event "Extraliga 2010/11 (juniors)"]
[Site "masterchessopen.com – Czech Republic"]
[Date "2010.10.02"]
[Round "2"]
[White "Balacek Tadeas (CZE)"]
[Black "Cizinsky Petr"]
[Result "1-0"]
[WhiteElo "2110"]
[BlackElo "2148"]

1.d4 Nf6 2.c4 g6 3.Nc3 d5 4.Nf3 Bg7 5.Qb3 dxc4 6.Qxc4 O-O 7.e4 Na6 8.Be2 c5
9.d5 e6 10.O-O exd5 11.exd5 b6 12.Bf4 Nb4 13.Rad1 Re8 14.Qb3 Ne4 15.Rfe1 Nd6
16.a3 Na6 17.Nb5 Nf5 18.d6 Bd7 19.Nc7 Nxc7 20.dxc7 Qc8 21.Bc4 Be6 22.Rxe6 fxe6
23.Rd8 Qxd8 24.Bxe6+ Kh8 25.cxd8=N Raxd8 26.Ng5 Rd7 27.g4 Nd4 28.Qh3 Bf6
29.Bxd7 Re7 30.Ba4 c4 31.Kf1 {#r} 1-0

[Event "It (open)"]
[Site "masterchessopen.com – Bogota (Colombia)"]
[Date "2011.04.16"]
[Round "5"]
[White "Ramirez Carlos (COL)"]
[Black "Almanza Rafael (COL)"]
[Result "1-0"]
[WhiteElo "2320"]
[BlackElo "2163"]

1.d4 Nf6 2.c4 g6 3.Nc3 d5 4.Nf3 Bg7 5.Qb3 dxc4 6.Qxc4 O-O 7.e4 Na6 8.Be2 c5
9.d5 e6 10.O-O exd5 11.exd5 Bf5 12.Be3 Re8 13.Rfd1 Ne4 14.Rac1 Rb8 15.Qb3 Nd6
16.Qa3 Nb4 17.Bxc5 Nc2 18.Rxc2 Bxc2 19.Rd2 Rxe2 20.Rxe2 Nc4 21.Qb4 Bd3 22.Re1
a5 23.Qb3 b5 24.Bd4 a4 25.Qb4 Bf8 26.Bc5 Bxc5 27.Qxc5 Nxb2 28.d6 b4 29.Nd5 h6
30.d7 Qf8 31.Re8 {#r} 1-0

[Event "It (open)"]
[Site "masterchessopen.com – Bussum (Netherlands)"]
[Date "2011.06.13"]
[Round "6"]
[White "Tjiam Dharma (NED)"]
[Black "Bakker Guido (NED)"]
[Result "1-0"]
[WhiteElo "2382"]
[BlackElo "2084"]

1.d4 Nf6 2.c4 g6 3.Nc3 d5 4.Nf3 Bg7 5.Qb3 dxc4 6.Qxc4 O-O 7.e4 Na6 8.Be2 c5
9.d5 e6 10.O-O exd5 11.exd5 Bf5 12.Bf4 Re8 13.Rad1 Ne4 14.Nb5 Qf6 15.Bd3 Nb4
16.Bb1 Qxb2 17.Nc7 Nc3 18.Nxe8 Rxe8 19.Bxf5 Nxd1 20.Rxd1 gxf5 21.d6 Bf6 22.d7
Rd8 23.Bc7 Ra8 24.Qxc5 Nd3 25.Qe3 Qc2 26.Qxd3 Qxc7 27.Qxf5 Qb6 28.Ng5 {#r} 1-0

[Event "Ch Pan-American (juniors) (under 14)"]
[Site "masterchessopen.com – Cali (Colombia)"]
[Date "2011.07.06"]
[Round "5"]
[White "Novoa Fernando (ARG)"]
[Black "Velasco Ricardo (VEN)"]
[Result "1-0"]
[WhiteElo "2049"]
[BlackElo "2008"]

1.d4 Nf6 2.c4 g6 3.Nc3 d5 4.Nf3 Bg7 5.Qb3 dxc4 6.Qxc4 O-O 7.e4 Na6 8.Be2 c5
9.d5 e6 10.Bg5 exd5 11.exd5 b5 12.Qxb5 Rb8 13.Qa4 Qb6 14.O-O Qxb2 15.Rab1 Qxc3
16.Bd2 Bd7 17.Qxa6 Qc2 18.Rxb8 Rxb8 19.Qxa7 Re8 20.Rc1 Qb2 21.Bd3 Rb8 22.Rb1
Qxb1+ 23.Bxb1 Rxb1+ 24.Be1 Bg4 25.Kf1 Bf8 26.Ne5 Nd7 27.Nxg4 {#r} 1-0

[Event "It (open)"]
[Site "masterchessopen.com – Nikea (Greece)"]
[Date "2011.08.30"]
[Round "6"]
[White "Sgouros Apostolos (GRE)"]
[Black "Anastasopoulos Spyros (GRE)"]
[Result "1-0"]
[WhiteElo "2008"]
[BlackElo "2177"]

1.d4 Nf6 2.c4 g6 3.Nc3 d5 4.Nf3 Bg7 5.Qb3 dxc4 6.Qxc4 O-O 7.e4 Na6 8.Be2 c5
9.d5 e6 10.O-O exd5 11.exd5 Bf5 12.Rd1 Qb6 13.a3 Rfe8 14.h3 Bc2 15.Rd2 Bf5
16.Bd3 Bd7 17.Rd1 Nh5 18.g4 Nf6 19.Bf4 Rad8 20.Be5 Nc7 21.Bf1 a6 22.Qf4 Rxe5
23.Nxe5 Qxb2 24.Rac1 Be8 25.Nc4 {#r} 1-0

[Event "It (open)"]
[Site "masterchessopen.com – Yuzhny (Ukraine)"]
[Date "2011.09.04"]
[Round "2"]
[White "Arkhipov Vladimir (UKR)"]
[Black "Kovalev Denis (UKR)"]
[Result "0-1"]
[WhiteElo "2131"]
[BlackElo "2458"]

1.d4 Nf6 2.c4 g6 3.Nc3 d5 4.Nf3 Bg7 5.Qb3 dxc4 6.Qxc4 O-O 7.e4 Na6 8.Be2 c5
9.d5 e6 10.Bf4 exd5 11.exd5 Re8 12.Rd1 Bf5 13.O-O Ne4 14.Nb5 Qf6 15.Bd3 Rad8
16.Rde1 Qxb2 17.Rb1 Qf6 18.Rfe1 g5 19.Bc1 g4 20.Bb2 Qh6 21.Bxg7 Kxg7 22.Bxe4
Rxe4 23.Rxe4 Bxe4 24.Qxe4 gxf3 25.Qxf3 Nb4 26.Qc3+ Qf6 27.Qxc5 Nxd5 28.Qxa7
Nf4 29.g3 Rd2 30.Rf1 Ne2+ 31.Kh1 Qf3# 0-1

[Event "Ch Kazakhstan (1/2 final)"]
[Site "masterchessopen.com – Pavlodar (Kazakhstan)"]
[Date "2012.02.21"]
[Round "1"]
[White "Makhnev Denis (KAZ)"]
[Black "Lozhnikov V (KAZ)"]
[Result "0-1"]
[WhiteElo "1800"]
[BlackElo "2117"]

1.d4 Nf6 2.c4 g6 3.Nc3 d5 4.Nf3 Bg7 5.Qb3 dxc4 6.Qxc4 O-O 7.e4 Na6 8.Be2 c5
9.d5 e6 10.Bg5 exd5 11.exd5 h6 12.Bh4 Qb6 13.O-O Bf5 14.Na4 Qa5 15.Rac1 Rfe8
16.Nc3 Ne4 17.Rfe1 Nd6 18.Qf4 Bf8 19.Bg3 Rad8 20.Bf1 Nb4 21.Qd2 Rxe1 22.Rxe1
Bg7 23.Be5 Nc8 24.Bxg7 Kxg7 25.Bc4 Nb6 26.Bb3 Nd3 27.Re7 c4 28.Bd1 Nxd5
29.Nxd5 Rxd5 30.Rxb7 Qxd2 31.Nxd2 Nc5 {#R} 0-1

[Event "Ch Paris (open)"]
[Site "masterchessopen.com – Paris (France)"]
[Date "2012.07.12"]
[Round "6"]
[White "Griffiths Ryan Rhys (IRL)"]
[Black "Dourerassou Jonathan (FRA)"]
[Result "1-0"]
[WhiteElo "2326"]
[BlackElo "2460"]

1.d4 Nf6 2.c4 g6 3.Nc3 d5 4.Nf3 Bg7 5.Qb3 dxc4 6.Qxc4 O-O 7.e4 Na6 8.Be2 c5
9.d5 e6 10.O-O exd5 11.exd5 Bf5 12.Rd1 Qb6 13.h3 Rfe8 14.g4 Bd7 15.Be3 Rac8
16.Rd2 Qa5 17.d6 b5 18.Qf4 Nb4 19.Rad1 a6 20.a3 Nc6 21.Bxc5 Nd8 22.Bb4 Qb6
23.g5 Ne6 24.Qe3 Nc5 25.Ne5 Nfe4 26.Nxe4 Rxe5 27.Bxc5 Rcxc5 28.b4 Rc6 29.Qxb6
Rxb6 30.Bf3 Kf8 31.h4 Ke8 32.Nc5 f5 33.Rc1 Bf8 {#r} 1-0

[Event "Tournament (open)"]
[Site "masterchessopen.com – Bogota (Colombia)"]
[Date "2012.07.20"]
[Round "2"]
[White "Gomez Jorge Leonardo"]
[Black "Ruiz Alciguel (COL)"]
[Result "0-1"]
[WhiteElo "1904"]
[BlackElo "2213"]

1.d4 Nf6 2.c4 g6 3.Nc3 d5 4.Nf3 Bg7 5.Qb3 dxc4 6.Qxc4 O-O 7.e4 Na6 8.Be2 c5
9.d5 e6 10.O-O exd5 11.exd5 Bf5 12.Rd1 Re8 13.Bf4 Rc8 14.Rd2 Ne4 15.Nxe4 Rxe4
16.Qb3 Rxf4 {#R} 0-1

[Event "It (open)"]
[Site "masterchessopen.com – Roosendaal (Netherlands)"]
[Date "2012.08.19"]
[Round "6"]
[White "De Roode Peter (NED)"]
[Black "Daamen Roland (NED)"]
[Result "1-0"]
[WhiteElo "2242"]
[BlackElo "2042"]

1.d4 Nf6 2.c4 g6 3.Nc3 d5 4.Nf3 Bg7 5.Qb3 dxc4 6.Qxc4 O-O 7.e4 Na6 8.Be2 c5
9.d5 e6 10.O-O exd5 11.exd5 Bf5 12.Rd1 Qa5 13.Be3 Rac8 14.a3 Rfe8 15.d6 Nb8
16.Ng5 Be6 17.Nxe6 Rxe6 18.Bf3 Nbd7 19.Qb5 Qb6 20.Qxb6 axb6 21.Bxb7 Rd8 22.Nd5
Bf8 23.Bf4 Nh5 24.Ne7+ Kg7 25.Bd2 Bxe7 26.dxe7 Rxe7 27.g4 Nhf6 28.Bc3 g5
29.Rd6 Rb8 30.Bc6 Re6 31.Rxe6 fxe6 32.Bxd7 {#r} 1-0

[Event "Ch Brasiliense"]
[Site "masterchessopen.com – Brasilia (Brazil)"]
[Date "2012.08.26"]
[Round "10"]
[White "Ribeiro Jr Valdir Uchoa (BRA)"]
[Black "Abrantes Tiago Garrido (BRA)"]
[Result "0-1"]
[WhiteElo "1928"]
[BlackElo "2095"]

1.d4 Nf6 2.c4 g6 3.Nc3 d5 4.Nf3 Bg7 5.Qb3 dxc4 6.Qxc4 O-O 7.e4 Na6 8.Bg5 c5
9.d5 Qa5 10.O-O-O h6 11.Bh4 g5 12.Bg3 Nh5 13.Be5 Bxe5 14.Nxe5 Rb8 15.h4 g4
16.Qe2 Nf6 17.Qe3 Kg7 18.f3 Qc7 19.f4 c4 20.Qd4 b5 21.Ne2 Nc5 22.Nc6 Nd3+
23.Kb1 Rb6 24.e5 Nxd5 25.Qxd5 Rxc6 26.Ng3 Rd8 27.Qxb5 Rb6 28.Nh5+ Kg8 29.Qa4
Nxb2 30.Rxd8+ Qxd8 31.Qc2 Nd3+ {#R} 0-1

[Event "It (open)"]
[Site "masterchessopen.com – Nagpur (India)"]
[Date "2012.10.16"]
[Round "1"]
[White "Lalith Babu M R (IND)"]
[Black "Raghavendra V (IND)"]
[Result "1-0"]
[WhiteElo "2540"]
[BlackElo "2057"]

1.d4 Nf6 2.c4 g6 3.Nc3 d5 4.Nf3 Bg7 5.Qb3 dxc4 6.Qxc4 O-O 7.e4 Na6 8.Bf4 c5
9.d5 e6 10.d6 Qb6 11.O-O-O Bd7 12.Ne5 Bc6 13.Be2 Nd7 14.Nxc6 Qxc6 15.Rhe1 Rfd8
16.e5 Qxg2 17.f3 Bxe5 18.Bxe5 Nxe5 19.Qf4 Nd7 20.Bf1 g5 21.Qe3 Qxh2 22.Qxg5+
Kh8 23.Bxa6 bxa6 24.Rh1 f6 25.Qg4 Ne5 26.Rxh2 Nxg4 27.fxg4 Rd7 28.Ne4 {#r} 1-0